000 01045nam a2200241 i 4500
001 153162
003 ES-MaACL
005 20250809022213.0
008 940301q1847 sp |||| | spa d
100 1 _aPacheco, Joaquín Francisco,
_d1808-1865
_988121
245 1 1 _a[De la monarquía wisigoda y de su código ;
_bEl libro de los jueces o Fuero Juzgo /
_cJoaquín Francisco Pacheco y Fermín de la Puente y Apezechea].
260 _a[S.l. :
_bs.n.,
_cca. 1847]
300 _a75 p. ;
_c28 cm.
594 _aSin portada, título y autores tomado de principio y final del texto.
630 0 4 _aFuero Juzgo.
_9121670
650 4 _aDerecho visigodo-
_vFuentes.
_9139069
650 7 _aDerecho-
_zEspaña-
_vFuentes
_2
_9155630
651 7 _aEspaña-
_xHistoria-
_y0414-0711, Época visigoda
_2
_9162046
700 1 _aPuente y Apezechea, Fermín de la.
_994165
740 3 2 _aEl libro de los jueces o Fuero Juzgo.
852 4 _aES-MaACL
_jT-52-F-4
_z- Enc. hol., falto de port.
_z- Enc. en un vol. facticio
999 _c153162
_d153162